| 000 | 00721nam a22001937a 4500 | ||
|---|---|---|---|
| 003 | NUST-PNEC | ||
| 005 | 20170114142455.0 | ||
| 008 | 140424b xxu||||| |||| 00| 0 eng d | ||
| 020 | _a 0072465239 | ||
| 040 | _cPNEC | ||
| 082 | _a621.31042 CHA | ||
| 100 |
_915 _aChapman Stephen J. |
||
| 245 |
_aElectric machinery fundamentals _cStephen J. Chapman |
||
| 250 | _a4th ed. | ||
| 260 |
_aBostan _bMcGraw Hill _cc.1998 |
||
| 300 |
_axxii, 746 p. : _bill. : _c22 cm. |
||
| 500 | _aIncludes index. http://www.amazon.com/Machinery-Fundamentals-McGraw-Hill-Electrical-Engineering/dp/0072465239/ref=sr_1_2?s=books&ie=UTF8&qid=1400740713&sr=1-2&keywords=Electric+machinery+fundamentals+Stephen+J.+Chapman+4th+ed | ||
| 942 |
_2ddc _cBK |
||
| 999 |
_c60005 _d60005 |
||